000 00638nam a22002177a 4500
005 20170124110054.0
010 _aA-835044
020 _c00.00
035 _aA-835044
037 _bCen Lib/Ret
040 _aDPL
_bEN
082 _a607.54
_bCHA
100 _aChandrakant, L. S
_925978
245 _aPolytechnic education in India /
_cby L. S. Chandrakant
260 _aBombay
_bD.B. Taraporevala Sons
_c1971
270 _a210 DR. D. Naoroji Road
_bBombay
300 _a124p.
_c21cm(Hb)
650 _aTechnical education
_925979
650 _aTechnical education -- India
_925980
942 _2ddc
_cEN
_h607.54
_mCHA
999 _c129304
_d129304